|
|
|
|
| LEADER |
00853nam a2200241 i 4500 |
| 001 |
c000257308 |
| 003 |
CARM |
| 005 |
00000000000000.0 |
| 008 |
850426s1971 ii 0 eng d |
| 019 |
1 |
|
|a 211333
|5 LACONCORD2021
|
| 035 |
|
|
|a (OCoLC)200110
|5 LACONCORD2021
|
| 082 |
0 |
4 |
|a 294.5921
|
| 100 |
1 |
|
|a Conio, Caterina.
|
| 245 |
1 |
4 |
|a The philosophy of Mandukya karika.
|
| 250 |
|
|
|a [1st ed.].
|
| 260 |
|
|
|a Varanasi :
|b Bharatiya Prakashan,
|c [1971].
|
| 300 |
|
|
|a 238 p.
|
| 500 |
|
|
|a Bibliography: p. [233]-238.
|
| 630 |
0 |
0 |
|a Upanishads.
|p Māṇḍūkyopaniṣad.
|
| 700 |
0 |
|
|a Gauḍapāda Ācārya.
|t Kārikā.
|
| 852 |
8 |
|
|b CARM
|h A2:AQ36A0
|i B07562
|p 0324262
|f BK
|
| 999 |
f |
f |
|i 82ad2dd0-902f-5caa-9558-3c070ad24de4
|s 5e53fa80-e582-5829-9759-a098a9dbbf92
|
| 952 |
f |
f |
|p Can circulate
|a CAVAL
|b CAVAL
|c CAVAL
|d CARM 1 Store
|e B07562
|f A2:AQ36A0
|h Other scheme
|i book
|m 0324262
|